Le dictionnaire des précieuses / (Record no. 31092)

MARC details
000 -LEADER
campo de control de longitud fija 00641nam a2200169 i 4500
001 - NÚMERO DE CONTROL
campo de control 31092
003 - IDENTIFICADOR DE NÚMERO DE CONTROL
campo de control ES-MaACL
005 - FECHA Y HORA DE LA ÚLTIMA TRANSACCIÓN
campo de control 20230906154316.0
007 - CAMPO FIJO DE DESCRIPCIÓN FÍSICA--INFORMACIÓN GENERAL
campo de control de longitud fija t|
008 - DATOS DE LONGITUD FIJA--INFORMACIÓN GENERAL
campo de control de longitud fija 030128s1856 fr ||||1| fre d
100 1# - ENTRADA PRINCIPAL--NOMBRE DE PERSONA
Nombre de persona Somaize, Antoine Baudeau.
9 (RLIN) 107258
245 13 - MENCIÓN DEL TÍTULO
Título Le dictionnaire des précieuses /
Mención de responsabilidad, etc. par le sieur de Somaize ; nouvelle édition, augmentée de divers opuscules du même auteur relatifs aux précieuses et d'une Clef historique et anecdotique par Ch.-L. Livet.
260 ## - PUBLICACIÓN, DISTRIBUCIÓN, ETC.
Lugar de publicación, distribución, etc. París :
Nombre del editor, distribuidor, etc. P. Jannet,
Fecha de publicación, distribución, etc. 1856.
300 ## - DESCRIPCIÓN FÍSICA
Extensión 2 v. ;
Dimensiones 17 cm.
700 1# - ENTRADA AGREGADA--NOMBRE PERSONAL
Nombre de persona Livet, Charles Louis (
Fechas asociadas al nombre 1828-1897)
9 (RLIN) 151838
852 ## - LOCALIZACIÓN
Ubicación ES-MaACL
Número de control de estantería G-2356-57
Holdings
Estatus retirado Estado de pérdida Estado de daño No para préstamo Colección Biblioteca de origen Biblioteca actual Ubicación en estantería Fecha de adquisición Fuente de adquisición Total de préstamos Signatura topográfica completa Código de barras Visto por última vez Precio de reemplazo Tipo de ítem Koha
        Libros del s. XIX Biblioteca del Ateneo de Madrid Biblioteca del Ateneo de Madrid Depósito 2 17/01/2008     G-2356-57 1032120 23/02/2023 23/02/2023 Libro impreso antiguo